| 000 | 01219nam a22002777a 4500 | ||
|---|---|---|---|
| 001 | 6509 | ||
| 003 | FISKH | ||
| 005 | 20250825132246.0 | ||
| 008 | 250507b cb ||||| |||| 00| 0 eng d | ||
| 020 | _a9789814281270 | ||
| 040 |
_aFISKH _beng _cFISKH _dFISKH |
||
| 050 | _aPZ7 | ||
| 082 | _a398.20943 | ||
| 100 | _aSmith, Annett | ||
| 245 |
_aRumpelstiltskin / _cRetold by Annett Smith ; Illustrated by Pat Reynolds |
||
| 260 |
_aNelson Price : _bMilburn, _c1999. |
||
| 300 |
_a32 pages : _bcolor illustrations ; _c21 cm |
||
| 505 | _aN | ||
| 520 | _aIn England, 'Rumpelstiltskin' was called 'Tom Tit Tot; in Scotland, 'Whuppity Scoorie;' in France 'Ficdini Ricdon;' and there are Scandanavian tellings also. 'Rumpelstiltskin' was collected by the Brothers Grimm in the early 1800s, but the story is much older. It preserves the ancient superstition that supernatural power can be broken if a secret name is known - in many primitive societies identity, name and power are intertwined. Set in Northern Europe, circa 1300. | ||
| 521 | 8 |
_a540
_bLexile |
|
| 521 | 8 |
_aN
_bRaz-Plus |
|
| 650 |
_aFairy tales _vDrama |
||
| 700 |
_aReynolds, Pat _eillustrator |
||
| 942 |
_2ddc _cBK _n0 |
||
| 999 |
_c6509 _d6509 |
||